000 00764cam a2200241 a 4500
001 35311
005 20230410101657.0
008 900217s1989 ht af b 000 0 fre
035 _9(DLC) 89197489
035 _a1990352
010 _a89197489
040 _aDLC
_cDLC
_dDLC
043 _anwht---
050 1 4 _a110 HD 6581
_bH451s 1989
100 1 _aHector, Michel.
245 1 0 _aSyndicalisme et socialisme en Haiti :
_b1932-1970 /
_cMichel Hector.
260 _aPort-au-Prince, Haiti :
_bImpr. H. Deschamps,
_c[1989]
300 _a226 p., [3] folded leaves of plates :
_bill. ;
_c21 cm.
504 _aIncludes bibliographical references (p. 193-212)
650 0 _aLabor unions
_zHaiti
_xHistory.
650 0 _aSocialism
_zHaiti
_xHistory.
942 _2lcc
_cbk
999 _c12046
_d12046